Česká Akademie císaře Františka Josefa pro vědy, slovesnost a umění svědčí tímto diplomem, že pan Th. Dr. Pavel Vychodil, kněz řádu sv. Benedikta, ve valném shromáždění dne 2. prosince 1896 zvolen byl dopisujícím členem I. třídy této akademie.

Other Authors: Hlávka, Josef, 1831-1908, Vychodil, Pavel Julius, 1862-1938
Language: Czech
Published: v Praze : Tiskem J. Otty v Praze, 1897
Online Access: Digitalizovaný dokument
Physical Description: 1 list : tisk ; 50,5 x 62,6 cm
Photo
Saved in:
LEADER 02112nkm a2200433 a 4500
001 mzk03001188046
003 CZ BrMZK
005 20140224163417.0
007 kj|ao|
008 130308s1897 xr ||| f || k|cze|d
040 |a BOA001  |b cze 
072 7 |a 06  |x Organizace všeobecné povahy  |2 Konspekt  |9 12 
072 7 |a 76  |x Grafické umění. Grafika  |2 Konspekt  |9 21 
080 |a 06-057.95  |2 MRF 
080 |a 001.32  |2 MRF 
080 |a 930.253  |2 MRF 
080 |a (0.026.6)76  |2 MRF 
245 0 0 |a Česká Akademie císaře Františka Josefa pro vědy, slovesnost a umění svědčí tímto diplomem, že pan Th. Dr. Pavel Vychodil, kněz řádu sv. Benedikta, ve valném shromáždění dne 2. prosince 1896 zvolen byl dopisujícím členem I. třídy této akademie.  |h [grafika] /  |c V Praze dne 1. ledna 1897. Předseda akademie Josef Hlávka. Generální sekretář ... Předseda I. třídy ... Tiskem J. Otty v Praze 
246 3 |a Česká akademie císaře Františka Josefa pro vědy, slovesnost a umění - dopisující člen 1. třídy akademie  |h [grafika] 
260 |a v Praze :  |b Tiskem J. Otty v Praze,  |c 1897 
300 |a 1 list :  |b tisk ;  |c 50,5 x 62,6 cm 
500 |a Úvodní iniciála je zvýrazněna a ozdobena vavřínem 
500 |a Uprostřed listu slepotiskové razítko 
561 |a Provenience: [m.p.] E6, inv. č. 4646 
561 |a Provenience: [štítek] Moravský zemský archiv v Brně E6 Benediktýni Rajhrad 
650 7 |a akademie věd a umění  |7 ph118313  |2 czenas 
650 7 |a členové institucí a organizací  |7 ph123798  |2 czenas 
650 7 |a archivní fondy  |7 ph118590  |2 czenas 
655 7 |a grafické listy  |7 fd132404  |2 czenas 
655 4 |a diplomy 
700 1 |a Hlávka, Josef,  |d 1831-1908  |7 jk01041264  |4 oth 
700 1 |a Vychodil, Pavel Julius,  |d 1862-1938  |7 jz3703114  |4 hnr 
856 4 1 |u http://www.digitalniknihovna.cz/mzk/uuid/uuid:b5a72927-a3a8-40cb-9caa-394ec036dbd1  |y Digitalizovaný dokument 
910 |e BOE950  |c R - A - 6,1 
985 |a 1851-1900 
990 |a GP 
996 |e BOE950  |c R - A - 6,1 
980 |c 285425  |g R-A-6,1  |1 3281A0285425  |p 4646 
991 |k rajhrad